[Event "Reykjavik Icelandic op"]
[White "Haraldsson, Oskar"]
[Black "Gudmundsson, Gunnar Erik"]
[Site "Reykjavik"]
[Round "10"]
[Result "0-1"]
[Date "2018.06.09"]
[WhiteElo "1777"]
[BlackElo "1565"]
[PlyCount "82"]
[EventDate "2018.06.01"]
[EventType "swiss"]
[EventRounds "10"]
[EventCountry "ISL"]
[SourceTitle "CBM 184 Extra"]
[Source "ChessBase"]
[SourceDate "2018.06.28"]
[SourceVersion "1"]
[SourceVersionDate "2018.06.28"]
[SourceQuality "1"]

1. e4 c5 2. Nf3 e6 3. d4 cxd4 4. Nxd4 a6 5. Bd3 Qc7 6. Qe2 d6 7. c4 Nc6 8. Nxc6 bxc6 9. b3 Nf6 10. Bb2 e5 11. 0-0 Be7 12. f3 h5 13. Nc3 Bd7 14. Rfd1 h4 15. Bc1 Nh5 16. Be3 g5 17. Qf2 Nf4 18. c5 g4 19. Bf1 Rg8 20. Kh1 g3 21. cxd6 Bxd6 22. Qd2 Rg6 23. Rac1 Qd8 24. Na4 h3 25. Bxf4 hxg2+ 26. Bxg2 exf4 27. Nc5 Qh4 28. Bf1 Bh3 29. Bxh3 Qxh3 30. Qg2 Qh5 31. Nb7 Bc7 32. Rd3 Bb6 33. Nd6+ Kf8 34. Nf5 Rd8 35. Rxd8+ Bxd8 36. Rd1 Bb6 37. h4 Rh6 38. Nd4 Qxh4+ 39. Kg1 Rd6 40. Qb2 Bxd4+ 41. Rxd4 Qh2+ 0-1

[Event "Reykjavik Icelandic op"]
[White "Haraldsson, Oskar"]
[Black "Holm, Fridgeir K"]
[Site "Reykjavik"]
[Round "5"]
[Result "1/2-1/2"]
[Date "2018.06.04"]
[WhiteElo "1777"]
[BlackElo "1756"]
[PlyCount "124"]
[EventDate "2018.06.01"]
[EventType "swiss"]
[EventRounds "10"]
[EventCountry "ISL"]
[SourceTitle "CBM 184 Extra"]
[Source "ChessBase"]
[SourceDate "2018.06.28"]
[SourceVersion "1"]
[SourceVersionDate "2018.06.28"]
[SourceQuality "1"]

1. e4 c6 2. d4 d5 3. e5 Bf5 4. h4 h5 5. Bd3 Bxd3 6. Qxd3 e6 7. Bg5 Be7 8. Nh3 Nd7 9. Nd2 Qb6 10. 0-0 0-0-0 11. Bxe7 Nxe7 12. Ng5 Rdf8 13. c4 Nf5 14. cxd5 Qxd4 15. Qxd4 Nxd4 16. dxc6 Nxc6 17. f4 Nd4 18. Nde4 Nf5 19. Rfd1 Nb6 20. Rac1+ Kb8 21. Nd6 Nxd6 22. Rxd6 Nd5 23. f5 Nf4 24. Rc4 f6 25. Nxe6 Nxe6 26. fxe6 fxe5 27. Re4 Rd8 28. Rxd8+ Rxd8 29. Rxe5 g6 30. Rg5 Rg8 31. e7 Re8 32. Rxg6 Rxe7 33. Rg5 Rh7 34. Kf2 Kc7 35. Ke3 Kd6 36. Kf4 Ke6 37. Rg6+ Kd5 38. g4 hxg4 39. Kxg4 Rc7 40. h5 Rc2 41. h6 Rxb2 42. h7 Rh2 43. Rg7 Rg2+ 44. Kf5 Rxg7 45. h8Q Rf7+ 46. Kg4 Rc7 47. Qd8+ Kc6 48. Kf4 b6 49. Ke5 Kb7 50. Kd6 Rc6+ 51. Kd7 Rc5 52. Qg8 Rc7+ 53. Kd6 Rc6+ 54. Kd5 Rc5+ 55. Kd4 Ra5 56. Qb3 Kc7 57. a4 Kb7 58. Kc4 Rc5+ 59. Kb4 a5+ 60. Ka3 Kc6 61. Qe6+ Kc7 62. Kb3 Kb7 1/2-1/2

[Event "Reykjavik Congress"]
[White "Haraldsson, Oskar"]
[Black "Gunnlaugsson, Arnor"]
[Site "Reykjavik"]
[Round "2"]
[Result "1-0"]
[Date "2018.01.14"]
[WhiteElo "1733"]
[BlackElo "1229"]
[PlyCount "95"]
[EventDate "2018.01.10"]
[EventType "swiss"]
[EventRounds "9"]
[EventCountry "ISL"]
[SourceTitle "CBM 182 Extra"]
[Source "ChessBase"]
[SourceDate "2018.02.23"]
[SourceVersion "1"]
[SourceVersionDate "2018.02.23"]
[SourceQuality "1"]

1. e4 e5 2. Nf3 Nc6 3. Bb5 Nge7 4. 0-0 d6 5. d4 Bg4 6. d5 a6 7. Ba4 b5 8. dxc6 bxa4 9. Bg5 Qb8 10. Nc3 Nxc6 11. Nd5 Be7 12. Bxe7 Nxe7 13. c4 Nxd5 14. cxd5 Qb5 15. Qc2 Rc8 16. Rfc1 Bxf3 17. gxf3 0-0 18. Rab1 g6 19. Qc4 f5 20. Kg2 f4 21. Rc2 a3 22. b3 h5 23. Rbc1 Rf7 24. Qxb5 axb5 25. Rc6 g5 26. h3 Rg7 27. Rxd6 g4 28. hxg4 hxg4 29. fxg4 Rxg4+ 30. Kf3 Rg7 31. Re6 Rg5 32. Rc5 b4 33. d6 Kf7 34. Re7+ Kf8 35. Rexc7 Rd8 36. Rb5 Rg6 37. Rxb4 Rgxd6 38. Ra4 Rd3+ 39. Kg2 R3d4 40. Rcc4 Rxc4 41. bxc4 Rd4 42. Rxa3 Rxe4 43. Rc3 Rd4 44. Kf3 e4+ 45. Kxf4 Rd3 46. Rxd3 exd3 47. Ke3 d2 48. Kxd2 1-0

[Event "ISL-chT2 1415"]
[White "Vigfusson, Vigfus Odon"]
[Black "Haraldsson, Oskar"]
[Site "Reykjavik"]
[Round "5.3"]
[Result "1-0"]
[Date "2015.03.20"]
[WhiteElo "1963"]
[BlackElo "1779"]
[PlyCount "69"]
[EventDate "2014.10.03"]
[EventType "team-tourn"]
[EventRounds "7"]
[EventCountry "ISL"]
[SourceTitle "EXT 2016"]
[Source "ChessBase"]
[SourceDate "2015.10.08"]
[SourceVersion "1"]
[SourceVersionDate "2015.10.08"]
[SourceQuality "1"]
[WhiteTeam "Huginn III"]
[BlackTeam "Vikingaklubburinn II"]
[WhiteTeamCountry "ISL"]
[BlackTeamCountry "ISL"]

1. e4 c5 2. c3 Nc6 3. d4 cxd4 4. cxd4 d6 5. Nc3 Nf6 6. Be2 g6 7. Nf3 Bg7 8. 0-0 0-0 9. d5 Nb8 10. Be3 Bg4 11. Nd4 Bxe2 12. Qxe2 Nbd7 13. Rac1 a6 14. f4 Rc8 15. Rfd1 Rxc3 16. Rxc3 Nxe4 17. Rc2 Qa5 18. Nf3 Bf6 19. Bd4 Bxd4+ 20. Rxd4 f5 21. b4 Qb6 22. h3 Ndf6 23. Kh2 Nh5 24. Rxe4 fxe4 25. Qxe4 Nxf4 26. Ng5 h6 27. Qxe7 hxg5 28. Rc7 Qxc7 29. Qxc7 Rf7 30. Qxd6 g4 31. hxg4 Kg7 32. Qe5+ Kg8 33. d6 Nd3 34. Qe8+ Kg7 35. d7 1-0

[Event "Reykjavik op"]
[White "Haraldsson, Oskar"]
[Black "Altman, Joshua"]
[Site "Reykjavik"]
[Round "9"]
[Result "0-1"]
[Date "2014.03.11"]
[WhiteElo "1897"]
[BlackElo "1650"]
[PlyCount "48"]
[EventDate "2014.03.04"]
[EventType "swiss"]
[EventRounds "10"]
[EventCountry "ISL"]
[SourceTitle "CBM 159 Extra"]
[Source "ChessBase"]
[SourceDate "2014.04.24"]
[SourceVersion "1"]
[SourceVersionDate "2014.04.24"]
[SourceQuality "1"]

1. e4 c5 2. Nf3 d6 3. d4 cxd4 4. Nxd4 Nf6 5. Nc3 g6 6. Be3 Bg7 7. f3 0-0 8. Bc4 Nc6 9. Qd2 Bd7 10. 0-0-0 Rc8 11. Bb3 Ne5 12. Kb1 Re8 13. g4 b5 14. h4 b4 15. Nd5 a5 16. h5 Nxd5 17. Bxd5 e6 18. Bh6 Qf6 19. hxg6 exd5 20. Bxg7 Qxg7 21. Rxh7 Qxg6 22. Rh6 Qg7 23. exd5 Nc4 24. Qh2 Qxd4 0-1

[Event "Reykjavik op"]
[White "Petersson, Baldur Teodor"]
[Black "Haraldsson, Oskar"]
[Site "Reykjavik"]
[Round "5"]
[Result "1-0"]
[Date "2014.03.07"]
[WhiteElo "1624"]
[BlackElo "1897"]
[PlyCount "83"]
[EventDate "2014.03.04"]
[EventType "swiss"]
[EventRounds "10"]
[EventCountry "ISL"]
[SourceTitle "CBM 159 Extra"]
[Source "ChessBase"]
[SourceDate "2014.04.24"]
[SourceVersion "1"]
[SourceVersionDate "2014.04.24"]
[SourceQuality "1"]

1. e4 c5 2. Nf3 d6 3. d4 cxd4 4. Nxd4 Nf6 5. Nc3 a6 6. Be3 e6 7. f3 b5 8. a3 Qc7 9. Qd2 Nbd7 10. Be2 Bb7 11. g4 h6 12. h4 d5 13. exd5 Nxd5 14. Nxd5 Bxd5 15. 0-0-0 Nc5 16. g5 Rc8 17. Kb1 Na4 18. Rhe1 hxg5 19. hxg5 Nb6 20. Bf4 Nc4 21. Bxc7 Nxd2+ 22. Rxd2 Rxc7 23. Nxb5 axb5 24. Rxd5 Be7 25. Bxb5+ Kf8 26. Rde5 Bd6 27. R5e4 Rc5 28. Rc4 Rxc4 29. Bxc4 Rh3 30. g6 fxg6 31. Rxe6 Be7 32. Re3 Bf6 33. Be6 Rh1+ 34. Ka2 Rh2 35. Kb3 g5 36. Bg4 Rd2 37. a4 Rd8 38. Ka3 Rb8 39. b4 Be7 40. c3 Ke8 41. Rd3 Ra8 42. Kb3 1-0